| 000 | 00480nam a2200181Ia 4500 | ||
|---|---|---|---|
| 003 | GCL | ||
| 008 | 140319s9999 xx 000 0 eng d | ||
| 040 |
_aGCL / _cGCL |
||
| 082 | 0 | 4 |
_a428 _bC P |
| 100 | 1 | _aCUTTS, MARTIN | |
| 245 | 1 | 0 |
_aTHE PLAIN ENGLISH GUIDE / _cCUTTS, MARTIN |
| 260 |
_a[S.N] : _bOXFORD UNIVERSITY PRESS ، _c1995 |
||
| 300 | _a162 | ||
| 650 | 0 | 4 | _aENGLISH LANGUAGE - GRAMMAR |
| 650 | 0 | 4 | _aENGLISH LANGUAGE |
| 650 | 0 | 4 | _aSTUDY AND LEARNING |
| 942 |
_2ddc _cBK |
||
| 999 |
_c25508 _d25508 |
||